| 000 | 01104nam a2200313 i 4500 | ||
|---|---|---|---|
| 003 | EG-ScBUE | ||
| 005 | 20230328105820.0 | ||
| 008 | 150617t2007 sz a f d 001 0 eng d | ||
| 020 | _a9782940378388 | ||
| 040 |
_aEG-ScBUE _beng _erda _cEG-ScBUE _dEG-ScBUE |
||
| 082 | 0 | 4 |
_222 _bCRA _a778.62 |
| 100 | 1 |
_aCrawford, Mike, _d1962- _eauthor. _938150 |
|
| 245 | 1 | 4 |
_aThe essential black & white photography manual : _bfor digital and film photographers / _cMike Crawford. |
| 246 | 3 |
_aEssential black and white photography manual : _bfor digital and film photographers |
|
| 264 | 1 |
_aSwitzerland : _bRotoVision, _c[2007] |
|
| 264 | 4 | _cc2007 | |
| 300 |
_a208 pages : _billustrations ; _c27 cm |
||
| 336 |
_2rdacontent _atext _btxt |
||
| 337 |
_2rdamedia _aunmediated _bn |
||
| 338 |
_2rdacarrier _avolume _bnc |
||
| 500 | _aIncludes index. | ||
| 500 | _aIncludes glossary. | ||
| 650 | 7 |
_2BUEsh _937027 _aPhotography _xDigital techniques. |
|
| 650 | 7 |
_aBlack-and-white photography. _2BUEsh |
|
| 651 | _2BUEsh | ||
| 653 |
_bCOMAME _bGGEN _cJune2015 _cNovember2015 |
||
| 655 | _vReading book | ||
| 942 |
_2ddc _cBB |
||
| 999 |
_c19739 _d19711 |
||